header

Choosing Slovakia (Record no. 97606)

MARC details
000 -LEADER
fixed length control field 01456nam a2200349Ia 4500
082 04 - DEWEY DECIMAL CLASSIFICATION NUMBER
Classification number 943.73
100 1# - MAIN ENTRY--AUTHOR NAME
Personal name Maxwell, Alexander,
245 10 - TITLE STATEMENT
Title Choosing Slovakia
260 ## - PUBLICATION, DISTRIBUTION, ETC. (IMPRINT)
Place of publication London :
Name of publisher Tauris Academic Studies,
Year of publication 2009.
300 ## - PHYSICAL DESCRIPTION
Number of Pages xi, 262 p. :
Other physical details ill., maps.
490 1# - SERIES STATEMENT
Series statement International library of political studies ;
650 #0 - SUBJECT ADDED ENTRY--TOPICAL TERM
Topical Term Nationalism
Topical Term Slavs
856 40 - ELECTRONIC LOCATION AND ACCESS
Uniform Resource Identifier http://site.ebrary.com/lib/rucke/Doc?id=10377901

No items available.

© 2026 Rongo University
Contact us: librarian | system librarian | Rongo university